00000000nam 2200000zi 4500
0019.955928
003CaOODSP
00520251030135531
006m     o  d f      
007cr mn|||||||||
008251002s2025    onc     o    f000 0 eng d
020 |a9780660791791
040 |aCaOODSP|beng|erda|cCaOODSP
043 |an-cn---
0861 |aCi44-26/2025E-PDF
24500|aInformation sheet : |bhow to support refugee claimants eligible for the Interim Federal Health Program.
264 1|a[Ottawa] : |bImmigration, Refugees and Citizenship Canada = Immigration, réfugiés et citoyenneté Canada, |c[2025]
300 |a1 online resource (5 pages)
336 |atext|btxt|2rdacontent
337 |acomputer|bc|2rdamedia
338 |aonline resource|bcr|2rdacarrier
500 |aIssued also in French under title: Fiche d'information : comment soutenir les demandeurs d'asile admissibles au Programme fédéral de santé intérimaire.
500 |aCaption title.
650 0|aRefugees|xMedical care|zCanada|xFinance.
650 0|aRefugees|xMedical care|xGovernment policy|zCanada.
650 0|aHealth insurance|xGovernment policy|zCanada.
7101 |aCanada. |bImmigration, Refugees and Citizenship Canada, |eissuing body.
77508|tFiche d'information : |w(CaOODSP)9.955929
795 |tInformation sheet : |w(CaOODSP)9.934049
85640|qPDF|s155 KB|uhttps://publications.gc.ca/collections/collection_2025/ircc/Ci44-26-2025-eng.pdf
986 |aIRCC-3770